Fashion Models - Statistics

General Stats
  • This quiz has been taken 155 times
    149 since last reset
  • The average score is 10 of 40
Answer Stats
Hint Extra Hint Answer % Correct
Rose to fame in the reality show Keeping Up with the Kardashians USA Kendall Jenner
76%
Named "The most valuable Victoria's Secret Angel" Brazil Adriana Lima
59%
Prominent teenaged model during the swinging '60s in London United Kingdom Twiggy
57%
Model and former partner of Cristiano Ronaldo and actor Bradley Cooper Russia Irina Shayk
51%
One of the first Asian models to dominate the fashion industry China Liu Wen
47%
Married to American football quarterback Tom Brady Brazil Gisele Bündchen
45%
Known for her strong eyebrows, athletic body and that signature mole USA Cindy Crawford
41%
One of the best-known sex symbols of the late 1950s and 1960s France Brigitte Bardot
39%
Model who has starred in Paper Towns and Suicide Squad United Kingdom Cara Delevigne
36%
Appeared in music videos: Robin Thicke's "Blurred Lines" USA Emily Ratajkowski
35%
Model, TV host, fashion designer, and occasional actress Germany Heidi Klum
34%
Actress and model who was the winner of the Miss World 2000 pageant India Priyanka Chopra
32%
Model, actor and tv presenter whose nickname is "The Body" Australia Elle Macpherson
31%
First Australian Victoria's Secret model Australia Miranda Kerr
27%
Became a Victoria's Secret Angel in 2010 South Africa Candice Swanepoel
24%
Only Spanish model to walk in the 2008 Victoria's Secret Fashion Show since 1999 Spain Cara Alonso
24%
Rose to fame in the early 1990s United Kingdom Kate Moss
24%
Model of the late 1980s, 1990s and the earlier 2000s United Kingdom Naomi Campbell
24%
Died of AIDS-related complications at age of 26 in 1986 USA Gia Carangi
23%
Victoria's Secret Angel from 2004 to 2017 Brazil Alessandra Ambrosio
22%
One of the world's most successful supermodels in 1990s Germany Claudia Schiffer
22%
Model and Victoria's Secret Angel from 2008 until 2014 Netherlands Doutzen Krous
22%
Model and the founder of clothing line "Guest In Residence" USA Gigi Hadid
22%
Model and actress who became a Victoria's Secret Angel in 2019 Hungary Barbara Palvin
20%
Appeared in Chris Isaak's video "Wicked Game" Denmark Helena Christensen
20%
Married to French footballer Christian Karembeu Slovakia Adriana Sklenaříková
19%
First African American woman to be featured on the covers of the Sports Illustrated USA Tyra Banks
19%
Dominated the fashion industry in the 70’s Somalia Iman
18%
Model who hosted Eurovision Song Contest 2019 Israel Bar Refaeli
16%
First woman from Central Europe to be featured on the cover of the Sports Illustrated Czechoslovakia / Sweden Paulina Porizkova
16%
Model from the 1990s who dated actor Kyle MacLachlan Canada Linda Evangelista
15%
Appeared next to Beyoncé in her video for the song "Yoncé" Puerto Rico Joan Smalls
12%
Stared in Transformers: Dark of the Moon and Mad Max: Fury Road United Kingdom Rosie Huntington
12%
Dancing with the Stars and The Real Housewives of Miami star Poland Joanna Krupa
11%
Became Victoria's Secret Angel in 2009 Namibia Behati Prinsloo
9%
Represented Calvin Klein's Eternity campaign in 1989 and in 2014 USA Christy Turlington
9%
Married to baseball player Justin Verlander USA Kate Upton
9%
Played Bond girl in Quantum of Solace Ukraine/France Olga Kurylenko
9%
Model and actress, former Victoria's Secret Angel and Vogue cover star Czech Republic Karolina Kurkova
8%
Model, actress and the host of Imagination Television's Tour of Beauty New Zealand Rachel Hunter
4%
No matching quizzes found
Score Distribution
Percent of People with Each Score
Percentile by Number Answered
Your Score History
You have not taken this quiz since the last reset